Quizzes
Events
Quiz Creation
Community
Videos
Private Events
Remove Ads
Sign In
Join for FREE
Feedback
Dark Mode
Quiz Categories
Sports
Geography
Music
Movies
Television
Just For Fun
Miscellaneous
History
Literature
Language
Science
Gaming
Entertainment
Religion
Holiday
For Kids
Quiz Lab
Recent
Popular Today
Quiz Kudos Today
Editor Picks
Curator Picks
Quizzes by...
Day
Popularity
Type
Ratings
Length
Year
Community
Subscriptions
Recent Discussions
Orange Saloon
Badges
Playlists
Quests
Create
Leaderboards
Showdown
Live 5
Trivia Bingo
Activity
Puzzle Library
Sporcle Events
Private Events
Virtual Trivia
Globe League
Become a Host
Pub Owners
SporcleCon
Opinionation
Our Games
Videos
Blog
Mobile Apps
Partnerships
Remove Ads and Go Orange
Feedback
Sports
Athletes
MLB
NBA
NHL
NFL
Soccer
Sports Teams
WWE
NCAA
Football
Premier League
Basketball
Baseball
Hockey
Golf
Tennis
Cricket
Rugby
Auto Racing
Olympics
World Cup
Sports
Athletes
MLB
NBA
NHL
NFL
Soccer
Sports Teams
WWE
NCAA
Football
Premier League
Basketball
Baseball
Hockey
Golf
Tennis
Cricket
Rugby
Auto Racing
Olympics
World Cup
Random Quiz
Search Sporcle
×
Quiz Lab
Quiz Lab
Sports
AFL
Type in answers that appear in a list
Type in answers that appear in a list
Classic
Best Score? Go Orange.
AFL - Fitzroy 100 Game Players Stats
Can you name the AFL - Fitzroy 100 Game Players?
By
DJDaForce
15m
111 Questions
131 Plays
131 Plays
131 Plays
Comments
Comments
Give Quiz Kudos
Give Quiz Kudos
-
- Ratings
hide this ad
Replay
Link that replays current quiz
Next Quiz
Link to next quiz in quiz playlist
You Got
0%
They Got
Avg Score
30%
Avg Friend Score
Upgrade to see
Score Distribution
Jump to the score distribution portion of the page
Score
0/111
Timer
15:00
0
Plays Today
No Of Games
Player
% Correct
269
Paul Roos
94.7%
163
Chris Smith
91.6%
189
Bernie Quinlan
90.1%
268
Garry Wilson
87%
333
Kevin Murray
85.5%
190
Wally Johnson
82.4%
187
Richard Osborne
80.2%
181
Norm Brown
77.9%
210
Mick Conlan
70.2%
120
Alastair Lynch
70.2%
119
Haydn Bunton
69.5%
214
John Murphy
67.2%
163
Gary Pert
67.2%
106
Allan Lynch
67.2%
186
Leon Harris
66.4%
125
Brian Pert
64.9%
150
Wilfred Smallhorn
64.1%
213
Alan Gale
62.6%
105
Michael Gale
62.6%
164
Matthew Rendell
60.3%
162
Bill Stephen
60.3%
127
Ross Lyon
59.5%
222
Alan Ruthven
57.3%
135
John Blakey
56.5%
213
Warwick Irwin
54.2%
138
Alan Thompson
51.9%
136
Tommy Williams
51.1%
106
Fred Williams
51.1%
133
Ron Alexander
50.4%
218
David McMahon
48.9%
197
Harvey Merrigan
48.1%
146
Laurie Serafini
47.3%
228
Norm Johnstone
46.6%
137
Jim Wynd
45%
174
Jimmy Freake
43.5%
157
Jack Moriarty
42.7%
106
Geoff Moriarty
42.7%
No Of Games
Player
% Correct
107
Tim Pekin
40.5%
131
Tony Ongarello
38.2%
129
Ken Ross
37.4%
150
Lou Barker
36.6%
132
David Wall
35.9%
117
George Shaw
35.1%
151
Graham Campbell
34.4%
132
Matt Armstrong
34.4%
108
Alex Ruscuklic
34.4%
195
Percy Parratt
33.6%
102
Stephen Paxman
32.8%
127
Ross Harvey
32.1%
105
Wally Clark
30.5%
133
Brett Stephens
29.8%
146
Ross Thornton
28.2%
164
Fred Hughson
27.5%
132
Owen Abrahams
27.5%
101
Chris Hansen
27.5%
159
Barry Padley
26.7%
132
Gary Lazarus
25.2%
125
Jason Baldwin
24.4%
169
Bill Walker
22.9%
168
Horrie Jenkin
22.1%
112
Jim Atkinson
22.1%
140
Kevin Wright
21.4%
126
Bill McSpeerin
21.4%
160
Scott Clayton
19.1%
157
Bert Clay
18.3%
151
Grant Lawrie
16.8%
136
Jack Cooper
16.8%
249
Frank Curcio
14.5%
182
Ern Jenkins
13.7%
106
Charlie Norris
13%
140
Horrie Dawson
10.7%
109
Percy Trotter
10.7%
131
Doug Searl
9.2%
128
George Coates
9.2%
No Of Games
Player
% Correct
136
Don Furness
8.4%
104
Charles Chapman
8.4%
159
Noel Jarvis
7.6%
158
Russell Crow
7.6%
137
Bob Henderson
6.9%
105
Graeme MacKenzie
6.1%
121
Ray Slocum
5.3%
164
George Holden
4.6%
122
Herbert Milne
4.6%
119
Fred Bamford
4.6%
104
Noel Price
4.6%
161
Jim Sharp
3.8%
159
Clen Denning
3.8%
149
Eddie Goodger
3.8%
131
Gerald Brosnan
3.8%
128
Maurie Hearn
3.8%
107
George Lambert
3.8%
104
Mickey Sharp
3.8%
135
Tammy Beauchamp
3.1%
112
Arthur Batchelor
3.1%
108
Vic Chanter
3.1%
148
Chris Lethbridge
2.3%
126
Les Millis
2.3%
116
John Newnham
2.3%
102
Chris Kiernan
2.3%
157
Bert Lenne
1.5%
143
Wally Naismith
1.5%
119
Rod Vernon
1.5%
107
Tim Corrigan
1.5%
100
Bert Sharpe
1.5%
135
Len Wigcraft
0.8%
120
Norm Cockram
0.8%
117
Roy Millen
0.8%
111
Stan Molan
0.8%
110
Fred Fontaine
0.8%
109
Gordon McCracken
0.8%
135
Harold McClennan
0%
Quiz Playlist
Details
Report
Send in Message
Add To Playlist
Classic:
Type in answers that appear in a list
Quiz Source
Last Updated: Feb 16, 2017
Quiz Scoreboard
CHALLENGE
Sign Up to Join the Scoreboard
Show All
Scores
Hide
Comments
May contain spoilers
Recently Published
1-10 Letter E Words III
by El_Dandy
Language
2m
One Thing in Common: World Cities II
by knightlancer
Geography
7m
Popular People in 1961
by mucciniale
History
6m
More to Explore
Quiz From the Vault
Featured Blog Post
Where Did the Easter Bunny Come From?
hide this ad
You Might Also Like...
Tags
100
100 Games
AFL
Fitzroy
Player
Today's Top Quizzes in Sports
Browse Sports
hide this ad
Today's Top Quizzes in AFL
Browse AFL
Top Contributed Quizzes in Sports
1
Les meilleurs buteurs des matchs entre le PSG et l’OM
2
Les entraîneurs de l'OM et du PSG au 21e siècle
3
2022 World Cup Stars
4
FIFA Club World Cup Champions
5
Name the Premier League winners with different clubs
6
La finale Lions - Afrique du Sud 2021
7
Criteria MLB: Left Handed Sluggers
8
Players with Multiple 50 Home Run Seasons
9
MLB Players with Two .350 Batting Average Seasons
10
MLB Hall of Famer by Rings
Explore More
Trending Topics
Kpop
Harry Potter
Marvel
Crossword
Disney
Anime
NBA
Puzzle
WWE
Country
The Office
Pokémon
Soccer
Song
NFL
hide this ad
More By:
DJDaForce
Quiz
Plays
Rating
Category
Featured
Created
Soccer - FIFA World Rankings Bottom 22
3,140
4.37
Sports
Oct 17, 2009
AFL - Essendon Players 2000-2009
2,052
4.50
Sports
Dec 7, 2009
AFL - Geelong Players 2000-2009
1,990
4.33
Sports
Dec 31, 2009
AFL - Melbourne Players 2000-2009
1,656
4.43
Sports
Dec 31, 2009
AFL - Richmond Players 2000-2009
1,564
4.33
Sports
Jan 2, 2010
Go to Creator's Profile
Score Distribution
Quiz Creator Spotlight
DJDaForce
Follow
Send a Message
Quizzes Created
-
Created Quiz Play Count
-
More By This Creator
Popular Quizzes Today
1
Find the US States - No Outlines Minefield
2
The Countries of the World
3
Find the Countries of Europe - No Outlines Minefield
4
Popular People in 1961
5
1-10 Letter E Words III
6
Find the US States
7
One Thing in Common: World Cities II
8
US States
More Sports Quizzes
Olivier Giroud's Cup Final XI's
Quiz Lab
Trending Quizzes
Risky Map Clicking: Least Populous States A-Z
1-10 Letter F Words
1-10 Letter G Words
One Thing in Common: United Kingdom
Risky Map Clicking: Next State Alphabetically
Recently Updated
Leaping Animals
pecheneg
Reality TV Shows (A-Z)
bhenderson79
Rickey Henderson's Hall of Fame Teammates
pecheneg
Champions League XIs: Arsenal
pecheneg
Quick Pick: Celebrities in WWE's Hall of Fame
aduchscher
A-Z Keypad Blitz II
pecheneg
Multiple Oscar Actors
pecheneg
Mystery Phrase Blitz: Oscar 'Best Actors'
pecheneg
F. Scott Fitzgerald Novels
LTH
Pick 3 Villains
ddd62291
Trending Topics
Harry Potter
NBA
Marvel
Kpop
Crossword
Anime
Disney
Country
WWE
NFL
Pokémon
Soccer
Puzzle
Song
The Office
Your Account Isn't Verified!
In order to create a playlist on Sporcle, you need to verify the email address you used during registration. Go to your
Sporcle Settings
to finish the process.
Report this User
Report this user for behavior that violates our
Community Guidelines
.
Details:
Send Report
Go to the Sporcle.com Mobile Site →
Comments